000 00647nam0a22002291 4500
001 rc\4335859
005 20250611160304.0
035 _a(NLR Aleph) 008272424
090 _a8464682
_c8464682
100 _a20130416d1959 |||y0rusy50 ca
101 0 _arus
102 _aRU
105 _ay z |||a|
200 1 _aКамни моего очага
_e[Рассказы]
210 _aМосква
_cСов. писатель
_d1959
215 _a186 с.
_d17
700 1 _aГурунц
_bЛ.К.
_f1912-
_gЛеонид Караханович
801 0 _aRU
_bNLR
_gpsbo
801 1 _aRU
_bELAR
_2rusmarc
852 _aNLR
_j59-2/759
942 _cBOOK
980 _aNB